|
|
|
|
| LEADER |
00000nam0a2200000 4500 |
| 001 |
373197 |
| 005 |
20231102012537.0 |
| 010 |
|
|
|b 500 экз.
|
| 035 |
|
|
|a (RuTPU)RU\TPU\retro\30624
|
| 035 |
|
|
|a RU\TPU\book\304027
|
| 090 |
|
|
|a 373197
|
| 100 |
|
|
|a 20221215d1968 m y0rusy50 ca
|
| 101 |
0 |
|
|a rus
|
| 102 |
|
|
|a RU
|
| 105 |
|
|
|a a j 001zy
|
| 200 |
1 |
|
|a Техническая термодинамика
|e программированное учебное пособие для студентов, изучающих общую теплотехнику
|f А. М. Суханов
|g Ташкентский институт инженеров железнодорожного транспорта, Кафедра "Теплотехника"
|
| 210 |
|
|
|a Ташкент
|c ТашИИТ
|d 1968
|
| 215 |
|
|
|a 213, 21 с., [1] вкл. л.
|c ил.
|
| 316 |
|
|
|5 63413507: М-133344
|a На тит. л. дарственная надпись: "Глубокоуважаемому учителю Иннокентию Николаевичу от автора. 10.XI.1968 Суханов"
|
| 317 |
|
|
|5 63413507: М-133344
|a Поступила в НТБ в 1970 г. в составе книжного собрания профессора ТПИ И. Н. Бутакова
|
| 320 |
|
|
|a Приложения: с. 1-21
|
| 606 |
1 |
|
|a Термодинамика техническая
|x (теплотехника)
|2 stltpush
|3 (RuTPU)RU\TPU\subj\68640
|9 83835
|
| 610 |
1 |
|
|a законы термодинамики
|
| 610 |
1 |
|
|a теплоемкость
|
| 610 |
1 |
|
|a учебные пособия
|
| 610 |
1 |
|
|a дарственная надпись
|
| 610 |
1 |
|
|a библиотека И. Н. Бутакова
|
| 675 |
|
|
|a 621.1.016.7(075.4)
|v 3
|
| 700 |
|
1 |
|a Суханов
|b А. М.
|g Алексей Михайлович
|
| 712 |
0 |
2 |
|a Ташкентский институт инженеров железнодорожного транспорта
|b Кафедра "Теплотехника"
|2 stltpush
|3 (RuTPU)RU\TPU\col\20234
|
| 801 |
|
1 |
|a RU
|b 63413507
|c 20150112
|
| 801 |
|
2 |
|a RU
|b 63413507
|c 20221215
|g RCR
|
| 942 |
|
|
|c BK
|